| 000 | 00787cab a2200253 4500 | ||
|---|---|---|---|
| 001 | ABS56519 | ||
| 008 | 090401t1997 xxu||||| |||| 00| 0 eng d | ||
| 035 | _a(Sirsi) u24233 | ||
| 041 | _aeng | ||
| 100 | _aGaunt, J | ||
| 245 | _aFinal and binding? | ||
| 260 | _c1997 | ||
| 350 | _a0 | ||
| 490 |
_aEstates Gazette _v(9703) 18 January 1997, 128-131(4) |
||
| 520 | _aUnravels the confusion surrounding the jurisdiction of an independent expert. Reviews development of attitudes towards the issue through principle case law. | ||
| 650 | _aEVIDENCE | ||
| 650 | _aEXPERT WITNESSES | ||
| 650 | _aINDEPENDENT EXPERTS | ||
| 650 | _aJURISDICTION | ||
| 690 | _aMANAGEMENT-BUSINESS MANAGEMENT-PROFESSIONAL PRACTICE | ||
| 700 | _aCheffings, N. | ||
| 942 | _n0 | ||
| 948 | _c04/03/1997 | ||
| 999 |
_c16238 _d16238 |
||